Score 0/16 Timer 03:00
0 Plays Today
Movie Missing Word % Correct
____ Like It HotSome
94.9%
There's No Business Like ____ BusinessShow
94.3%
The Seven Year ____Itch
84.8%
Gentlemen Prefer _______Blondes
81.9%
How to _____ a MillionaireMarry
80.7%
Let's Make ____Love
71.9%
All About ___Eve
68%
The Asphalt ______Jungle
48%
Movie Missing Word % Correct
___ StopBus
43.1%
______ BusinessMonkey
33.8%
As _____ as You FeelYoung
30.1%
Don't ______ to KnockBother
25.3%
The ______ and the ShowgirlPrince
21.3%
_____ of No ReturnRiver
12.7%
Home ____ StoryTown
11%
We're Not _______Married!
8.7%

Today's Daily Dose

Missing Word
'T' Pairs

Word Ladder
Game Pieces

Get the Picture
Baseball Movies

Remove Ads.
Support Sporcle.
Get the best of Sporcle when you Go Orange. This ad-free experience offers more features, more stats, and more fun while also helping to support Sporcle. Thank you for becoming a member.

You're not logged in!

Compare scores with friends on all Sporcle quizzes.
OR
Log In

Show Comments

Extras

Top Quizzes Today


Score Distribution

Your Account Isn't Verified!

In order to create a playlist on Sporcle, you need to verify the email address you used during registration. Go to your Sporcle Settings to finish the process.

Report this User

Report this user for behavior that violates our Community Guidelines.

Details: